Na čo nezabudnúť pri prevzatí ručiteľského záväzku – odporúčania pre obchodnú prax

Zmysel a podstata ručenia. Z judikatúry k problematike dodržania formálnych náležitostí samotného ručiteľského vyhlásenia. Na čo nezabudnúť pri prevzatí ručiteľského záväzku.

Gespeichert in:
Bibliographische Detailangaben
1. Verfasser: Petriganová, Zuzana
Format: Buchkapitel
Sprache:Slowakisch
Schlagworte:
Tags: Tag hinzufügen
Keine Tags, Fügen Sie das erste Tag hinzu!

MARC

LEADER 00000naa a2200000 4500
001 0303272
005 20240730123641.8
041 0 |a slo 
044 |a SK 
245 1 0 |a Na čo nezabudnúť pri prevzatí ručiteľského záväzku – odporúčania pre obchodnú prax  |c Zuzana Petriganová 
520 |a Zmysel a podstata ručenia. Z judikatúry k problematike dodržania formálnych náležitostí samotného ručiteľského vyhlásenia. Na čo nezabudnúť pri prevzatí ručiteľského záväzku. 
610 2 0 |a ručenie 
610 2 0 |a záväzky 
610 2 0 |a ručitelia 
610 2 0 |a súdy 
610 2 0 |a súdnictvo 
610 2 0 |a zákony 
610 2 0 |a zákonník obchodný 
610 2 0 |a zákonník občiansky 
100 1 |a Petriganová, Zuzana